| 000 | 00488nam a2200193Ia 4500 | ||
|---|---|---|---|
| 003 | GCL | ||
| 008 | 140319s9999 xx 000 0 eng d | ||
| 040 |
_aGCL / _cGCL |
||
| 082 | 0 | 4 |
_a822 _bH D |
| 100 | 1 | _aDUKORE, BERNARD F | |
| 245 | 1 | 0 |
_aHAROLD PINTER / _cDUKORE, BERNARD F |
| 260 |
_a[S.N] : _bMACMILLAN EDUCATION L TD ، _c1988 |
||
| 300 | _a162 | ||
| 650 | 0 | 4 | _aENGLISH LITERATURE |
| 650 | 0 | 4 | _aLITERATURE |
| 650 | 0 | 4 | _aPINTER, HAROLD |
| 650 | 0 | 4 | _aDRAMATISTS |
| 942 |
_2ddc _cBK |
||
| 999 |
_c12217 _d12217 |
||